د ا م آ گا ہی /غا لب مطا لعا ت (Record no. 172190)

MARC details
000 -LEADER
fixed length control field 00620nam a22001937a 4500
005 - DATE AND TIME OF LATEST TRANSACTION
control field 20200128165602.0
010 ## - LCCN (DPL NO)
LC control number UR-10695
020 ## - INTERNATIONAL STANDARD BOOK NUMBER
Terms of availability 300.00
International Standard Book Number -
035 ## - SYSTEM CONTROL NUMBER
System control number U-9250
037 ## - SOURCE OF ACQUISITION
Source of stock number/acquisition DBAD/PUB
Stock number -
082 ## - DEWEY DECIMAL CLASSIFICATION NUMBER
Classification number 920
100 ## - MAIN ENTRY--PERSONAL NAME
Personal name قا ضی جما ل حسين
245 ## - TITLE STATEMENT
Title د ا م آ گا ہی /غا لب مطا لعا ت
Statement of responsibility, etc قا ضی جما ل حسين
246 ## - VARYING FORM OF TITLE
Remainder of title Daam-e-Aagahi (Urdu)
Title proper/short title by Qazi Jamal Husain
260 ## - PUBLICATION, DISTRIBUTION, ETC. (IMPRINT)
Place of publication, distribution, etc N.Delhi
Name of publisher, distributor, etc Ghalib Academy
Date of publication, distribution, etc 2019 ء
270 ## - ADDRESS
Address Basti Hazrat Nizamuddin
City N.Delhi
Postal code 110013
Telephone number -
Fax number -
300 ## - PHYSICAL DESCRIPTION
Extent 144 ص
Dimensions 22 Cm(Hb)
942 ## - ADDED ENTRY ELEMENTS (KOHA)
Source of classification or shelving scheme Dewey Decimal Classification
Item type Urdu Bks
Classification part 920
Call number suffix ج م ا
Holdings
Withdrawn status Lost status Not for loan Home library Current library Date acquired Source of acquisition Cost, normal purchase price Full call number Barcode Copy number Cost, replacement price Koha item type
      Central Library Central Library 28/01/2020 BPPD/Ven. 300.00 920 ج م ا U-9250 1 300.00 Urdu Bks

© Delhi Public Library
Hit Counter
free hit counter